I gesti bianchi /

Saved in:
Bibliografiske detaljer
Hovedforfatter: Clerici, Gianni (Author)
Format: Bog
Sprog:italiensk
Udgivet: Milano : Baldini & Castoldi, \1995!
Serier:Storie della storia d'Italia ; 22
Tags: Tilføj Tag
Ingen Tags, Vær først til at tagge denne postø!

MARC

LEADER 00000nam a2200000 i 4500
001 IT\ICCU\LO1\0378538
003 ItRI
005 20260115231938.0
008 951016s1995 it |||||| ||||| |||||c
015 |2 IT  |a 96-5931 
020 |a 8880890506 
040 |b ita  |c importazione bologna sebina 
041 7 |a ita  |2 ISO-639-2 
082 |a 853.914  |9 NARRATIVA ITALIANA. 1945-  |2 20 
100 1 |a Clerici, Gianni  |0 IT\ICCU\CFIV\027756  |4 aut 
245 1 2 |a I gesti bianchi /  |c Gianni Clerici. 
260 |a Milano :  |b Baldini & Castoldi,  |c \1995! 
300 |a 399 p. ;  |c 25 cm 
500 |a Contiene: Londra 1960, Costa Azzurra 1950, Alassio 1939. 
830 0 |a Storie della storia d'Italia ;  |v 22  |0 IT\ICCU\LO1\0301492 
942 |2 ddc  |c BK  |n 0 
952 |0 0  |1 0  |4 0  |6 DOC_853_914000000000000_CLE  |7 0  |9 17414  |a BO  |b BO  |d 2026-01-15  |i 8159  |l 0  |o DOC 853.914 CLE  |p BO8159  |r 2026-01-15 23:19:38  |w 2026-01-15  |x [Sebina 5] [1 v.]  |y BK  |z 1 v. 
999 |c 14857  |d 14857